000
00316nam a2200121Ia 4500
008
220204s9999 xx 000 0 und d
082
_a
632.95:543
_b
SRE
100
_a
SREE RAMULU, U S
245
0
_a
Methods of pesticide analysis.
260
_a
Delhi
_b
Oxford & IBH
_c
1979
650
_a
Pesticide analysis
942
_c
BK
999
_c
35333
_d
35333